000 00878cam a2200229 4500
001 WB3543-20
008 000000n1999 000 0 eng u
035 _a(Sirsi) u101541
245 _aModular housing takes off
260 _c1999
490 _aContract Journal
_v401(6250) 3 November 1999, 6(1)
520 _aThe UK's first multi-storey modular housing scheme has been so successful that the developers, Peabody Trust, are planning a further development twice the size. The development used steel framed modules fitted with all plumbing, electrics, doors, windows, bathroom & kitchen fittings, tiles & carpets.
590 _aWB
650 _aMODULAR HOUSING
650 _aFACTORY-BUILT HOUSING
650 _aPREFABRICATED HOUSING
650 _aPEABODY TRUST
650 _aMULTI STOREY BUILDINGS
650 _aHOUSE BUILDING
690 _aHOUSING
942 _n0
999 _c60673
_d60673